Music Quiz

Random Music or Bands Quiz
Score 0/9 Timer 03:00
0 Plays Today
No. of songs Artist / band % Correct
21The Byrds
81%
29Joan Baez
51.3%
6Johnny Cash
25.1%
19Grateful Dead
24.8%
23Judy Collins
8.9%
14Bryan Ferry
8%
9Rod Stewart
7%
17Fairport Convention
3.7%
10Joe Cocker
3.7%

You're not logged in!

Compare scores with friends on all Sporcle quizzes.
OR
Log In

Sporcle TV

Today on Sporcle TV


Watch our educational content, quiz creation guides, and fun videos on Sporcle TV.

Show Comments

Extras

Top Quizzes Today


Score Distribution

Paid Content

Your Account Isn't Verified!

In order to create a playlist on Sporcle, you need to verify the email address you used during registration. Go to your Sporcle Settings to finish the process.

Report this User

Report this user for behavior that violates our Community Guidelines.

Details: